000 01102nac a22002771u 4500
010 _a 2003046717
020 _a1588261972 (alk. paper)
020 _a1588261727 (pbk. : alk. paper)
082 0 0 _a303.64
_bBAL
090 _c6675
_d6675
100 _aBallentine, Karen .
245 0 4 _aThe political economy of armed conflict :
_bbeyond greed and grievance /
_cedited by Karen Ballentine and Jake Sherman.
260 _aBoulder, Co. :
_bLynne Rienner Publishers, c.2003.
_cc.2003.
300 _aix, 317 p. :
_bill. ;
_c24 cm.
500 _a"A project of the International Peace Academy."
500 _aDistributer: Al-Ahram.
504 _aIncludes bibliographical references and index.
511 _aCatalogued By: Mahitab.
650 0 _aCivil war
_xEconomic aspects
_vCase studies.
650 0 _aWar
_xEconomic aspects
_vCase studies.
700 1 _aBallentine, Karen.
700 1 _aSherman, Jake.
710 2 _aInternational Peace Academy.
856 4 1 _3Table of contents
_uhttp://www.loc.gov/catdir/toc/fy038/2003046717.html
942 _cBB
_k303.64BAL
999 _c6675
_d6675